000 00607nam a2200241Ia 4500
003 OSt
005 20220912152015.0
006 a|||||r|||| 00| 0
007 ta
008 220909b |||||||| |||| 00| 0 eng d
024 _a62174
037 _cTextual
040 _aCSL
_beng
_cCSL
041 _aeng
082 _aI:12, F6 CS
100 _aCampbell Douglas Houghton
245 0 _aOutline of plant geography
260 _c1926
300 _ap.
_ccm.
650 _aBotany
942 _hI:12, F6 CS
_cTEXL
_2CC
999 _c79037
_d79037